Quiz o Budapeszcie - Statystyki

Ogólne statystyki
  • Ten quiz został rozwiązany 62 razy
  • Średni wynik to 7 z 20
Statystyki odpowiedzi
Wskazówka Odpowiedź % Poprawnych
Główna rzeka, która przepływa przez Budapeszt Dunaj
100%
Państwo, którego stolicą jest Budapeszt Węgry
100%
Najczęściej używany język w Budapeszcie węgierski
96%
Jedyne bardziej zaludnione miasto od Budapesztu leżące nad powyższą rzeką Wiedeń
84%
Nazwa innej europejskiej stolicy, z bardzo podobną nazwą, która także zaczyna się na "Bu" Bukareszt
69%
Imperium, które rządziło współczesnym Budapesztem przez ponad 150 lat Imperium Osmańskie
60%
Słynny piłkarz, kapitan drużyny narodowej na piłkarskich mistrzostwach świata w 1954 roku, który był urodzony w Budapeszcie Ferenc Puskás
55%
Od 1987r. to słynne wzgórze w Budapeszcie znajduje się na Liście Światowego Dziedzictwa UNESCO Wzgórze {Gellerta}
36%
Nazwa słynnego mostu, który łączy Budę i Peszt Most {Łańcuchowy}
27%
Zabytkowy zespół zamkowy w Budapeszcie, który od XIII wieku był domem dla królów państwowych Zamek {Królewski}
25%
Nazwa ważnego dworca kolejowego w Budapeszcie, który został ukończony w 1884 roku i odegrał znaczącą rolę w trakcie rozwoju miasta Budapest {Keleti}
24%
Znany iluzjonista i demaskator mediów spirytystycznych, urodzony w Budapeszcie w 1874 roku Harry Houdini
24%
Słynna ulica handlowa Budapesztu, znana z kawiarni, restauracji i sklepów {Váci} utca
13%
Kompozytor, pianista i etnomuzykolog, urodzony 25 marca 1881 roku w Budapeszcie Béla Bartók
11%
Imię króla, który w XIII wieku założył pierwszy średniowieczny zamek po stronie Budy Béla IV
7%
Główny węzeł komunikacyjny w Budapeszcie Deák Ferenc tér
4%
Pisarz i laureat Nagrody Nobla, urodzony w 1929 roku w Budapeszcie, znany z książki "Los utracony" Imre Kertész
4%
W Budapeszcie znajduję się największy w Europie _____ Parliament
2%
Słynna bitwa stoczona w 1848 roku podczas państwowej wojny o niepodległość, która rozegrała się na terenie współczesnego Budapesztu Bitwa pod {Pákozd}
0%
Historyczny szpital w Budapeszcie, który podczas II wojny światowej został przekształcony w tajny szpital wojskowy Szpital w {Rock}
0%
Nie znaleziono quizów pasujących do podanych kryteriów
Rozkład punktacji
Procent ludzi z każdym wynikiem
Percentyl według liczby udzielonych odpowiedzi
Twoja historia wyników
Nie rozwiązałeś tego quizu